Normal view
MARC view
- Cantor, Abigail F.
Entry Personal Name
001 - CONTROL NUMBER
- control field: 6206
003 - CONTROL NUMBER IDENTIFIER
- control field: NUST
005 - DATE AND TIME OF LATEST TRANSACTION
- control field: 20171109093836.0
008 - FIXED-LENGTH DATA ELEMENTS
- fixed length control field: 171109|| aca||aabn | a|a d
040 ## - CATALOGING SOURCE
- Original cataloging agency: NUST
- Transcribing agency: NUST
100 ## - HEADING--PERSONAL NAME
- Personal name: Cantor, Abigail F.
670 ## - SOURCE DATA FOUND
- Source citation: Work cat.: (NUST)0: Cantor, Abigail F., Water distribution system monitoring :, c2009.
